000 01026nam a2200253 a 4500
001 41057
003 BD-RjUL
005 20211209053324.0
008 160514m20052002ii ||||| |||| 00| f ben d
020 _c: IRs. 60.00
035 _a(BD-RjUL)41173
040 _aBD-RjUL
_bben
_cBD-RjUL
_dBD-RjUL
041 _aben
082 _223
_a891.443
_bTHC 2005
100 _aঠাকুর, রবীন্দ্রনাথ
_9126337
245 1 0 _aচতুরঙ্গ /
_cরবীন্দ্রনাথ ঠাকুর ; জয়ন্ত বন্দ্যোপাধ্যায় সম্পাদিত
250 _a২য় সং.
260 _aকলকাতা :
_bসাহিত্য প্রকাশ,
_c২০০৫
300 _a১৪৪ পৃ. ;
_c২২ সেমি.
650 _aবাংলা উপন্যাস
_9126338
650 _aBengali Fiction
_9126339
700 _aবন্দ্যোপাধ্যায়, জয়ন্ত, সম্পাদক
_9126340
942 _2ddc
_cBK
_02
999 _c41057
_d41057